书目信息 |
| 题名: |
肥料研制与加工
|
|
| 作者: | 王正银 主编 | |
| 分册: | ||
| 出版信息: | 北京 中国农业大学出版社 2018重印 |
|
| 页数: | 376页 | |
| 开本: | 26cm | |
| 丛书名: | ||
| 单 册: | ||
| 中图分类: | S14 | |
| 科图分类: | ||
| 主题词: | 肥料学--fei liao xue--高等教育--教材 | |
| 电子资源: | ||
| ISBN: | 978-7-5655-1459-3 | |
| 000 | 01008nam0 2200277 45 | |
| 001 | 012001002424 | |
| 005 | 20191121110923.39 | |
| 010 | @a978-7-5655-1459-3@dCNY59.00 | |
| 099 | @aCAL 012016072968 | |
| 100 | @a20160406d2015 em y0chiy50 ea | |
| 101 | 0 | @achi |
| 102 | @aCN@b110000 | |
| 105 | @aak a 000yy | |
| 106 | @ar | |
| 200 | 1 | @a肥料研制与加工@Afei liao yan zhi yu jia gong@f王正银主编 |
| 205 | @a第2版 | |
| 210 | @a北京@c中国农业大学出版社@d2018重印 | |
| 215 | @a376页@c图@d26cm | |
| 320 | @a有书目 | |
| 330 | @a本书对第一版进行了修订, 系统地阐述了九大类肥料即氮肥、磷肥、钾肥、复混肥料、中微量元素肥料、液体肥料、有机肥料、微生物肥料、新型肥料的研制、设计、生产或加工技术的基本原理和工艺流程, 便于学生对现有主要肥料产品体系的学习和理解。 | |
| 333 | @a“十二五”普通高等教育本科国家级规划教材 | |
| 606 | 0 | @a肥料学@Afei liao xue@x高等教育@j教材 |
| 690 | @aS14@v5 | |
| 701 | 0 | @a王正银@AWang Zhengyin@4主编 |
| 801 | 0 | @aCN@b北京卓展@c20191020 |
| 905 | @b1203389-90@dS14@e111=2@f2 | |
| 肥料研制与加工/王正银主编.-第2版.-北京:中国农业大学出版社,2018重印 |
| 376页:图;26cm |
| 使用对象:“十二五”普通高等教育本科国家级规划教材 |
| ISBN 978-7-5655-1459-3:CNY59.00 |
| 本书对第一版进行了修订, 系统地阐述了九大类肥料即氮肥、磷肥、钾肥、复混肥料、中微量元素肥料、液体肥料、有机肥料、微生物肥料、新型肥料的研制、设计、生产或加工技术的基本原理和工艺流程, 便于学生对现有主要肥料产品体系的学习和理解。 |
| ● |
| 相关链接 |
|
|
|
|
正题名:肥料研制与加工
索取号:S14/111=2
 
预约/预借
| 序号 | 登录号 | 条形码 | 馆藏地/架位号 | 状态 | 备注 |
| 1 | 1203389 | 212033896 | 第二样本阅览室/ [索取号:S14/111=2] | 在馆 | |
| 2 | 1203390 | 212033903 | 第三借阅区/ [索取号:S14/111=2] | 在馆 |